[Event "Mittelfrank Regionalliga Nord-Ost 2223"]
[Site "Mittelfranken"]
[Date "2023.01.15"]
[Round "5.1"]
[White "Sattler, Stefan"]
[Black "Hrebenshchykova, Yelyzaveta"]
[Result "0-1"]
[WhiteElo "2090"]
[BlackElo "2328"]
[PlyCount "96"]
[EventDate "2022.10.09"]
[EventType "team-tourn"]
[EventRounds "9"]
[EventCountry "GER"]
[SourceTitle "EXT 2024"]
[Source "ChessBase"]
[SourceDate "2023.10.10"]
[SourceVersion "1"]
[SourceVersionDate "2023.10.10"]
[SourceQuality "1"]
[WhiteTeam "Herzogenaurach II"]
[BlackTeam "Nuernberg Noris Tarrasch III"]
[WhiteTeamCountry "GER"]
[BlackTeamCountry "GER"]

1. e4 c5 2. c3 d5 3. exd5 Qxd5 4. d4 Nf6 5. Nf3 e6 6. Na3 Qd8 7. Nc4 Nc6 8. Be3 Nd5 9. Bd3 Be7 10. dxc5 Nxe3 11. fxe3 Bxc5 12. Nd4 Qh4+ 13. g3 Qg5 14. Qe2 Bd7 15. Nf3 Qh6 16. a4 a5 17. 0-0-0 Ne7 18. Bc2 Nd5 19. Kb1 Bc6 20. Nd4 0-0 21. h4 f5 22. Rhe1 Bxd4 23. exd4 f4 24. g4 f3 25. Qf2 Rf4 26. Ne5 Rc8 27. Rd3 Rcf8 28. Ka1 g5 29. hxg5 Qxg5 30. Bb3 Qh6 31. Rdd1 Qg7 32. Rh1 Be8 33. Rh3 b5 34. axb5 a4 35. Bxd5 exd5 36. Rdh1 Bg6 37. Nxg6 hxg6 38. Rf1 Qd7 39. Qc2 Qxg4 40. Rfh1 f2 41. Rh8+ Kf7 42. R8h7+ Ke6 43. Rf1 Re4 44. Ka2 Qe2 45. Qxe2 Rxe2 46. Rh2 g5 47. b6 Kd7 48. Rh7+ Kc8 0-1

[Event "Mittelfranken-chTB1 1819"]
[Site "Mittelfranken"]
[Date "2019.04.28"]
[Round "9.2"]
[White "Sattler, Stefan"]
[Black "Brenner, Christian"]
[Result "1/2-1/2"]
[WhiteElo "2098"]
[BlackElo "1988"]
[PlyCount "117"]
[EventDate "2018.10.14"]
[EventType "team-tourn"]
[EventRounds "9"]
[EventCountry "GER"]
[SourceTitle "EXT 2022"]
[Source "ChessBase"]
[SourceDate "2021.10.06"]
[SourceVersion "1"]
[SourceVersionDate "2021.10.06"]
[SourceQuality "1"]
[WhiteTeam "Herzogenaurach II"]
[BlackTeam "Nuernberg Zabo Eintracht"]
[WhiteTeamCountry "GER"]
[BlackTeamCountry "GER"]

1. d4 e6 2. e4 c5 3. c3 Nf6 4. e5 Nd5 5. Nf3 cxd4 6. cxd4 Nc6 7. Bc4 Nb6 8. Bb3 d5 9. a3 Bd7 10. Nc3 Be7 11. Bc2 Rc8 12. h4 h6 13. Qd3 Nc4 14. h5 a6 15. Rh3 b5 16. Rg3 Bf8 17. Na2 Qc7 18. Bd1 a5 19. Nd2 Qb6 20. Rg4 N4xe5 21. dxe5 Nxe5 22. Qd4 Qc7 23. Rg3 Bc5 24. Qh4 Qb6 25. Rc3 b4 26. axb4 axb4 27. Rh3 g5 28. hxg6 Nxg6 29. Qf6 Bd4 30. Qf3 e5 31. Be2 e4 32. Nxe4 dxe4 33. Qxe4+ Kd8 34. Be3 Bxe3 35. Rxe3 Re8 36. Qxb4 Qxb4+ 37. Nxb4 Rxe3 38. fxe3 Rb8 39. Nd3 Bf5 40. Rd1 Ke7 41. Rd2 h5 42. Bxh5 Bxd3 43. Rxd3 Rxb2 44. Bxg6 fxg6 45. Rd2 Rb1+ 46. Kf2 Ke6 47. Ra2 Rc1 48. Ra5 Kf6 49. g4 Rb1 50. g5+ Ke6 51. Kf3 Rb4 52. e4 Rb6 53. Kf4 Rc6 54. Ra7 Rc1 55. Ra6+ Kf7 56. Rf6+ Kg7 57. Rd6 Kf7 58. Ke5 Rg1 59. Kf4 1/2-1/2

[Event "Oberliga Bayern 1819"]
[Site "Bayern"]
[Date "2019.03.24"]
[Round "8.8"]
[White "Sattler, Stefan"]
[Black "Bauer, Thomas"]
[Result "0-1"]
[WhiteElo "2072"]
[BlackElo "2244"]
[PlyCount "119"]
[EventDate "2018.10.21"]
[EventType "team-tourn"]
[EventRounds "9"]
[EventCountry "GER"]
[SourceTitle "EXT 2020"]
[Source "ChessBase"]
[SourceDate "2019.10.17"]
[SourceVersion "1"]
[SourceVersionDate "2019.10.17"]
[SourceQuality "1"]
[WhiteTeam "Herzogenaurach"]
[BlackTeam "Regensburg Bavaria"]
[WhiteTeamCountry "GER"]
[BlackTeamCountry "GER"]

1. e4 g6 2. d4 d6 3. Nc3 Nf6 4. Bg5 c6 5. Qd2 b5 6. f3 Nbd7 7. Bd3 Bb7 8. Nd1 Bg7 9. Ne2 0-0 10. Bh6 e5 11. Bxg7 Kxg7 12. c3 Re8 13. Ne3 d5 14. exd5 exd4 15. cxd4 cxd5 16. Kf2 Qb6 17. Rad1 Rac8 18. Rc1 a6 19. Rxc8 Bxc8 20. Re1 Nb8 21. Qb4 Qc7 22. Ng3 Qf4 23. Nc2 Nc6 24. Qc3 Rxe1 25. Kxe1 Bd7 26. Ke2 h5 27. Nf1 h4 28. g3 Qd6 29. a3 Bh3 30. Nfe3 Nd8 31. Qc5 Qd7 32. Kf2 Ne6 33. Qb6 Qc8 34. a4 bxa4 35. Bxa6 Qh8 36. Bd3 Ng5 37. g4 Qc8 38. Qa7 a3 39. bxa3 Qc3 40. Ke2 Ne6 41. Qb8 Nxd4+ 42. Nxd4 Qxd4 43. Qb4 Qe5 44. Kd2 Qxh2+ 45. Kc3 Qa2 46. g5 Qa1+ 47. Kd2 Nd7 48. Qxh4 Qb2+ 49. Nc2 Be6 50. Qd4+ Qxd4 51. Nxd4 Nc5 52. Bb5 f6 53. gxf6+ Kxf6 54. Ke3 g5 55. a4 Nb7 56. Nb3 Nd6 57. Kd4 Nf5+ 58. Kc5 Ke5 59. a5 Nd6 60. Bc6 0-1

[Event "Regionalliga Nord-Ost 1718"]
[Site "Bayern"]
[Date "2018.01.21"]
[Round "5.1"]
[White "Sattler, Stefan"]
[Black "Dvornic, Mladen"]
[Result "1/2-1/2"]
[WhiteElo "2041"]
[BlackElo "2314"]
[PlyCount "39"]
[EventDate "2017.10.22"]
[EventType "team-tourn"]
[EventRounds "9"]
[EventCountry "GER"]
[SourceTitle "EXT 2022"]
[Source "ChessBase"]
[SourceDate "2021.10.06"]
[SourceVersion "1"]
[SourceVersionDate "2021.10.06"]
[SourceQuality "1"]
[WhiteTeam "Herzogenaurach II"]
[BlackTeam "Weiden"]
[WhiteTeamCountry "GER"]
[BlackTeamCountry "GER"]

1. e4 c5 2. Nf3 d6 3. Nc3 Nf6 4. e5 dxe5 5. Nxe5 Nbd7 6. d4 e6 7. Be3 Qa5 8. Nc4 Qd8 9. dxc5 Bxc5 10. Bxc5 Nxc5 11. Qxd8+ Kxd8 12. Be2 Ke7 13. Bf3 Rb8 14. Ne5 Nfd7 15. Nxd7 Bxd7 16. 0-0-0 Rhd8 17. Rhe1 Bc6 18. Rxd8 Rxd8 19. Bxc6 bxc6 20. Ne4 1/2-1/2

[Event "Regionalliga Nord-Ost 1718"]
[Site "Bayern"]
[Date "2017.10.22"]
[Round "1.1"]
[White "Zvara, Petr"]
[Black "Sattler, Stefan"]
[Result "1-0"]
[WhiteElo "2379"]
[BlackElo "2041"]
[PlyCount "111"]
[EventDate "2017.10.22"]
[EventType "team-tourn"]
[EventRounds "9"]
[EventCountry "GER"]
[SourceTitle "EXT 2022"]
[Source "ChessBase"]
[SourceDate "2021.10.06"]
[SourceVersion "1"]
[SourceVersionDate "2021.10.06"]
[SourceQuality "1"]
[WhiteTeam "Schwandorf"]
[BlackTeam "Herzogenaurach II"]
[WhiteTeamCountry "GER"]
[BlackTeamCountry "GER"]

1. d4 d5 2. Bf4 e6 3. e3 Bd6 4. Bg3 Qe7 5. c3 Nd7 6. Nf3 f5 7. Bd3 Ngf6 8. Nbd2 Ne4 9. Bxd6 Qxd6 10. g4 b6 11. gxf5 exf5 12. Rg1 g6 13. h4 Bb7 14. h5 0-0-0 15. hxg6 hxg6 16. Qe2 Rh6 17. 0-0-0 Rdh8 18. Kb1 Kb8 19. Rdf1 Qf6 20. Qd1 R8h7 21. Rg2 a5 22. Rfg1 Ka7 23. Nb3 Ba6 24. Bxa6 Kxa6 25. Nc1 Nd6 26. Nd3 Nf7 27. Nf4 Nf8 28. Nxd5 Qc6 29. Nf4 Qe4+ 30. Qd3+ Qxd3+ 31. Nxd3 Rh1 32. Nf4 Rxg1+ 33. Rxg1 Rh6 34. Ne5 Nd6 35. Nexg6 Nxg6 36. Rxg6 Rh1+ 37. Kc2 Ne4 38. f3 Nd6 39. Kd3 Rd1+ 40. Ke2 Rb1 41. Nd3 Nc4 42. b3 Nd6 43. c4 Kb7 44. c5 Nb5 45. cxb6 cxb6 46. d5 Ra1 47. Rg7+ Kc8 48. e4 fxe4 49. fxe4 Rxa2+ 50. Ke3 Ra3 51. e5 Rxb3 52. d6 a4 53. d7+ Kc7 54. e6 Nd6 55. Rg8 Nc4+ 56. Kd4 1-0

[Event "Mittelfranken-chTB1 1415"]
[Site "Mittelfranken"]
[Date "2015.02.08"]
[Round "6.2"]
[White "Sattler, Stefan"]
[Black "Luther, Helmut"]
[Result "0-1"]
[WhiteElo "2048"]
[BlackElo "1946"]
[PlyCount "84"]
[EventDate "2014.09.29"]
[EventType "team-tourn"]
[EventRounds "9"]
[EventCountry "GER"]
[SourceTitle "EXT 2020"]
[Source "ChessBase"]
[SourceDate "2019.10.17"]
[SourceVersion "1"]
[SourceVersionDate "2019.10.17"]
[SourceQuality "1"]
[WhiteTeam "Herzogenaurach"]
[BlackTeam "Nuernberg Sued SW III"]
[WhiteTeamCountry "GER"]
[BlackTeamCountry "GER"]

1. e4 d5 2. exd5 Qxd5 3. Nc3 Qa5 4. d4 Nf6 5. Nf3 Bf5 6. Ne5 c6 7. Bc4 e6 8. g4 Be4 9. f3 Bd5 10. Bxd5 Nxd5 11. Bd2 Nxc3 12. bxc3 Qc7 13. Qe2 Nd7 14. f4 Nxe5 15. fxe5 Be7 16. 0-0 h6 17. Rf3 Rf8 18. Raf1 Bg5 19. Bxg5 hxg5 20. Qf2 Rd8 21. Qd2 Qxe5 22. Re1 Qa5 23. Rf5 Rd5 24. Ree5 Rxe5 25. Rxe5 Qxa2 26. Qd3 f6 27. Re1 Qd5 28. c4 Qd7 29. h3 Kf7 30. c3 Rd8 31. Qh7 Qd6 32. Qh5+ Kg8 33. Kg2 Qd7 34. Qg6 c5 35. Rd1 cxd4 36. cxd4 Qc6+ 37. d5 exd5 38. Qc2 dxc4+ 39. Kh2 Rxd1 40. Qxd1 c3 41. Qb3+ Kh8 42. Qc2 b5 0-1

[Event "Mittelfranken-chTB1 1314"]
[Site "Mittelfranken"]
[Date "2014.03.30"]
[Round "8.1"]
[White "Sattler, Stefan"]
[Black "Hacker, Jonas"]
[Result "1/2-1/2"]
[WhiteElo "2048"]
[BlackElo "2229"]
[PlyCount "85"]
[EventDate "2013.10.20"]
[EventType "team-tourn"]
[EventRounds "9"]
[EventCountry "GER"]
[SourceTitle "EXT 2020"]
[Source "ChessBase"]
[SourceDate "2019.10.17"]
[SourceVersion "1"]
[SourceVersionDate "2019.10.17"]
[SourceQuality "1"]
[WhiteTeam "Herzogenaurach"]
[BlackTeam "Buechenbach/Roth"]
[WhiteTeamCountry "GER"]
[BlackTeamCountry "GER"]

1. e4 c5 2. Nf3 d6 3. d4 cxd4 4. Nxd4 Nf6 5. Nc3 g6 6. Be2 Bg7 7. 0-0 0-0 8. Bg5 Nc6 9. Nb3 a5 10. a4 Be6 11. f4 Rc8 12. Kh1 Nb4 13. Nd4 Bc4 14. Ndb5 Bxb5 15. Bxb5 Rc5 16. Be2 Nd7 17. Rf3 Nf6 18. Bh4 Na6 19. Bd3 Nb4 20. Bf2 Rc8 21. Qe2 Nd7 22. Bb5 Nc5 23. Rd1 Qc7 24. Rd2 Ne6 25. Nd5 Nxd5 26. exd5 Nc5 27. c3 f5 28. Bxc5 dxc5 29. Qe6+ Kh8 30. d6 exd6 31. Qxd6 Qf7 32. Re3 Qa2 33. h3 Bf6 34. Qe6 Qxe6 35. Rxe6 Kg7 36. Rd7+ Rf7 37. Rxf7+ Kxf7 38. Bc4 Kg7 39. Rb6 Rc7 40. Bd5 Bh4 41. Kh2 Bf2 42. g4 c4 43. Rxb7 1/2-1/2

[Event "Mittelfranken-chTB1 1314"]
[Site "Mittelfranken"]
[Date "2014.03.09"]
[Round "7.1"]
[White "Sattler, Stefan"]
[Black "Scheremet, Michael"]
[Result "1/2-1/2"]
[WhiteElo "2048"]
[BlackElo "2175"]
[PlyCount "58"]
[EventDate "2013.10.20"]
[EventType "team-tourn"]
[EventRounds "9"]
[EventCountry "GER"]
[SourceTitle "EXT 2020"]
[Source "ChessBase"]
[SourceDate "2019.10.17"]
[SourceVersion "1"]
[SourceVersionDate "2019.10.17"]
[SourceQuality "1"]
[WhiteTeam "Herzogenaurach"]
[BlackTeam "Postbauer Heng"]
[WhiteTeamCountry "GER"]
[BlackTeamCountry "GER"]

1. e4 e5 2. Nf3 Nc6 3. Nc3 Nf6 4. d4 exd4 5. Nxd4 Bb4 6. Nxc6 bxc6 7. Bd3 d5 8. exd5 cxd5 9. 0-0 0-0 10. Bg5 c6 11. Na4 h6 12. Bh4 Be7 13. c4 Be6 14. Rc1 Nd7 15. Bg3 Nb6 16. cxd5 Bxd5 17. Nc3 Bd6 18. Nxd5 cxd5 19. Qf3 Bxg3 20. Qxg3 Rc8 21. Qe5 Nc4 22. Qf5 g6 23. Qg4 Ne5 24. Rxc8 Qxc8 25. Qd4 Nxd3 26. Qxd3 Qc4 27. Qxc4 dxc4 28. Rc1 Rb8 29. Rc2 Kg7 1/2-1/2